Statistiques concernant révisions moderne

Cliquez ici pour prendre le quiz!

Statistiques générales

  • Ce quiz a été pris 5 fois
  • Le résultat moyen est 13 sur 32

Statistiques - réponses

HintRéponse% Correct
règne d'Elisabeth Iere1558 1603
100%
règne de François Ier1515 1547
75%
villers-cotterets1539
75%
bataille de lépante1571
75%
publication des 95 thèses1517
50%
conversion de la suède à la réforme1524
50%
bataille de pavie1525
50%
guerre des paysans1525
50%
conversion de l'islande à la réforme1537
50%
mort de luther1546
50%
règne de Marie Tudor1553 1558
50%
paix d'Augsbourg1555
50%
règne de Philippe II d'Espagne1556 1598
50%
paix de cateau-cambresis1559
50%
"grand pardon"1570
50%
règne de Henri IV1589 1610
50%
défenestration de Prague1618
50%
bataille de Rocroix1643
50%
date précise de la St Barthélémy23 août 1572
50%
acte de suprématie1534
25%
publication des ordonnances ecclésiastiques1541
25%
début et fin du concile de trente1545 1563
25%
édit d'écouen1559
25%
premier synode réformé à Paris1559
25%
régence de Catherine de médicis1560 1563
25%
édit de St germain1561
25%
règne de Charles IX1563 1574
25%
excommunication d'Elisabeth Iere1570
25%
bataille signant la répression de la ligue de SmalkadeMühlberg
25%
règne de Soliman le Magnifique1520 1566
0%
date de cette bataille ?1547
0%
vulgate sixto-clémentine1592
0%

Distribution des résultats

Percentile par nombre de réponses

% des personnes avec chaque résultat

Votre développement - résultats

Vous n’avez pas pris ce quiz